Thiết kế xử lý nền đường trên đất yếu bằng bấc thấm (PVD)

Nghiên cứu về công nghệ bấc thầm (PVD) và phương pháp thi công, lí thuyết cố kết, trình tự thiết kế xử lý nền đất yếu bằng PVC. Lựa chọn PVD hợp lý, thiết kế đắp gia tải từng giai đoạn, phân tích lún nền đường đắp, quan trắc lún,...

Cijeli opis

Spremljeno u:
Bibliografski detalji
Glavni autor: Trần, Nguyễn Hoàng Hùng
Format: Knjiga
Jezik:Undetermined
Izdano: Thành phố Hồ Chí Minh Nxb. Đại học Quốc gia Thành phố Hồ Chí Minh 2016
Teme:
Oznake: Dodaj oznaku
Bez oznaka, Budi prvi tko označuje ovaj zapis!
Thư viện lưu trữ: Trung tâm Học liệu Trường Đại học Cần Thơ
LEADER 01278nam a2200205Ia 4500
001 CTU_239784
008 210402s9999 xx 000 0 und d
020 |c 40000 
082 |a 625.733 
082 |b H513 
100 |a Trần, Nguyễn Hoàng Hùng 
245 0 |a Thiết kế xử lý nền đường trên đất yếu bằng bấc thấm (PVD) 
245 0 |c Trần Nguyễn Hoàng Hùng 
260 |a Thành phố Hồ Chí Minh 
260 |b Nxb. Đại học Quốc gia Thành phố Hồ Chí Minh 
260 |c 2016 
520 |a Nghiên cứu về công nghệ bấc thầm (PVD) và phương pháp thi công, lí thuyết cố kết, trình tự thiết kế xử lý nền đất yếu bằng PVC. Lựa chọn PVD hợp lý, thiết kế đắp gia tải từng giai đoạn, phân tích lún nền đường đắp, quan trắc lún, xử lí số liệu quan trắc. Các ứng dụng thực tiễn PVD ở Việt Nam trong một số dự án đường dẫn cầu 
650 |a Địa chất công trình,Engineering geology 
910 |b nthai 
980 |a Trung tâm Học liệu Trường Đại học Cần Thơ